USA und EG-Binnenmarkt 1992 <Eine> Analyse amerikanischer Positionen
Gespeichert in:
| 1. Verfasser: | |
|---|---|
| Format: | Buch |
| Sprache: | Deutsch |
| Veröffentlicht: |
Hildesheim
Olms
1992
|
| Ausgabe: | 1. Aufl. |
| Schriftenreihe: | Studien zur Politik und Wirtschaft der Gegenwart
Bd. 1 |
| Schlagworte: | |
| Tags: |
Keine Tags, Fügen Sie das erste Tag hinzu!
|
MARC
| LEADER | 00000nam a2200000 4500 | ||
|---|---|---|---|
| 001 | c017549 | ||
| 005 | 20250729072510.1 | ||
| 020 | |a 3-487-09554-8 | ||
| 041 | 0 | |a ger | |
| 044 | |a DE | ||
| 245 | 1 | 0 | |a USA und EG-Binnenmarkt 1992 |b <Eine> Analyse amerikanischer Positionen |c Henning Hirsch |
| 250 | |a 1. Aufl. | ||
| 264 | 1 | |a Hildesheim |b Olms |c 1992 | |
| 300 | |a 286 s. | ||
| 490 | 1 | |a Studien zur Politik und Wirtschaft der Gegenwart |v Bd. 1 | |
| 830 | 0 | |a Studien zur Politik und Wirtschaft der Gegenwart |v Bd. 1 | |
| 610 | 2 | 0 | |a Európske spoločenstvá |
| 610 | 2 | 0 | |a trh vnútorný |
| 610 | 2 | 0 | |a politika |
| 610 | 2 | 0 | |a liberalizácia |
| 610 | 2 | 0 | |a protekcionizmus |
| 610 | 2 | 0 | |a situácia hospodárska |
| 610 | 2 | 0 | |a obchod zahraničný |
| 610 | 2 | 0 | |a lobizmus |
| 610 | 2 | 0 | |a konkurencia |
| 610 | 2 | 0 | |a priemysel |
| 610 | 2 | 0 | |a politika obchodná |
| 610 | 2 | 0 | |a štúdie prípadové |
| 610 | 2 | 0 | |a Európa |
| 610 | 2 | 0 | |a USA |
| 610 | 2 | 0 | |a Všeobecná dohoda o clách a obchode |
| 100 | 1 | |a Hirsch, Henning | |